Christian ethics : (Record no. 10662)

MARC details
000 -LEADER
fixed length control field 01321cam a2200265 i 4500
001 - CONTROL NUMBER
control field 607986761
003 - CONTROL NUMBER IDENTIFIER
control field OCoLC
005 - DATE AND TIME OF LATEST TRANSACTION
control field 20250506105346.0
008 - FIXED-LENGTH DATA ELEMENTS--GENERAL INFORMATION
fixed length control field 100323s2010 enka b 001 0 eng
020 ## - INTERNATIONAL STANDARD BOOK NUMBER
International Standard Book Number 9780199568864
Qualifying information (pbk.)
020 ## - INTERNATIONAL STANDARD BOOK NUMBER
International Standard Book Number 0199568863
Qualifying information (pbk.)
035 ## - SYSTEM CONTROL NUMBER
System control number (OCoLC)607986761
Canceled/invalid control number (OCoLC)813037683
-- (OCoLC)965972020
-- (OCoLC)1112097857
040 ## - CATALOGING SOURCE
Original cataloging agency UKM
Language of cataloging eng
Description conventions rda
Transcribing agency UKM
Modifying agency BTCTA
-- YDXCP
-- BWK
-- C#P
-- CDX
-- BWX
-- DLC
082 04 - DEWEY DECIMAL CLASSIFICATION NUMBER
Classification number 241
Edition information 22
Item number LON 1
100 1# - MAIN ENTRY--PERSONAL NAME
Personal name Long, D. Stephen,
Dates associated with a name 1960-
245 10 - TITLE STATEMENT
Title Christian ethics :
Remainder of title a very short introduction /
Statement of responsibility, etc. D. Stephen Long.
264 #1 - PRODUCTION, PUBLICATION, DISTRIBUTION, MANUFACTURE, AND COPYRIGHT NOTICE
Place of production, publication, distribution, manufacture Oxford ;
-- New York :
Name of producer, publisher, distributor, manufacturer Oxford University Press,
Date of production, publication, distribution, manufacture, or copyright notice 2010.
300 ## - PHYSICAL DESCRIPTION
Extent 135 pages :
Other physical details illustrations ;
Dimensions 18 cm.
490 1# - SERIES STATEMENT
Series statement Very short introductions ;
Volume/sequential designation 238
504 ## - BIBLIOGRAPHY, ETC. NOTE
Bibliography, etc. note Includes bibliographical references (pages 123-127) and index.
505 0# - FORMATTED CONTENTS NOTE
Formatted contents note The sources of Christian ethics -- The history of Christian ethics -- Christian ethics in and beyond modernity -- Sex, money, and power: some questions for Christian ethics.
520 ## - SUMMARY, ETC.
Summary, etc. Using examples of specific practical matters such as sex, money, and power, the author presents a discussion of the relationship between Christian ethics, modern, and postmodern ethics.
650 #0 - SUBJECT ADDED ENTRY--TOPICAL TERM
Topical term or geographic name entry element Christian ethics.
Authority record control number or standard number https://id.loc.gov/authorities/subjects/sh85025083
942 ## - ADDED ENTRY ELEMENTS (KOHA)
Source of classification or shelving scheme Dewey Decimal Classification
Koha item type Books
Suppress in OPAC No
Holdings
Withdrawn status Lost status Source of classification or shelving scheme Damaged status Not for loan Home library Current Library Shelving location Date acquired Total checkouts Full call number Barcode Date last seen Copy number Price effective from Koha item type
    Dewey Decimal Classification     GRACE BIBLE COLLEGE GRACE BIBLE COLLEGE Theology 2025-05-06   241 LON 021036 2025-05-06 c.1 2025-05-06 Books
© Grace Bible College Library 2025